Statistics for Geography- T

Click here to take the quiz!

General Stats

  • This quiz has been taken 62 times
  • The average score is 12 of 15

Answer Stats

HintAnswer% Correct
Country of Ankara, Istanbul, AntalyaTurkey
98%
Capital of JapanTokyo
97%
Australian Island StateTasmania
95%
Capital of IranTehran
95%
One of Lake Victoria's CountriesTanzania
92%
Capital of EstoniaTallinn
90%
Capital of AlbaniaTirana
90%
Indian Mausoleum in Agra, IndiaTaj Mahal
88%
Capital of GeorgiaTbilisi
85%
Country in Central Asia, bordered by the Caspian SeaTurkmenistan
85%
City of the Trojan HorseTroy
80%
Polynesian Country of 170+ IslandsTonga
76%
Capital of UzbekistanTashkent
75%
Vaiaku is its CapitalTuvalu
66%
Capital of TruroTruro
19%

Score Distribution

Percentile by Number Answered

Percent of People with Each Score

Your Score History

You have not taken this quiz